culture générale #666 - Statistiques

Statistiques générales
  • Ce quiz a été pris 140 fois
  • Le résultat moyen est 11 sur 13
Statistiques - réponses
question réponse lettre % Correct
que faut-il absolument coller dans l'angle d'une carte postale timbre T
98%
quel animal est dumbo dans l'univers Disney Eléphant E
97%
Il s'agit d'un pays mais également de la ligne imaginaire qui sépare les 2 hémisphères équateur E
97%
prénom du petit poisson mondialement connu qui s'est perdu dans l'océan némo N
97%
quel pays a pour capital lima Pérou P
95%
il est l'un des animal les plus rapides au monde et est tacheté jaguar J
93%
quel est le plus grand continent du monde asie A
92%
compositeur de musique le plus connu au monde qui est né en Autriche Mozart M
91%
quelle est la quatrième lettre de l'alphabet militaire delta D
86%
quelle fete est célébrée le 31ème jour d'une mois d'automne halloween H
79%
c'est le nom du dernier president de la cinquième république Emmanuel E
76%
pays qui entre en conflit dans les années 90 avec son voisin et qui lui déclare la guerre en 2023 israël I
76%
quelle marque de sport a pour slogan "une âme saine dans un corps sain" asics A
49%
Aucun quiz correspondant
Distribution des résultats
% des personnes avec chaque résultat
Percentile par nombre de réponses
Votre historique - résultats
Vous n’avez pas pris ce quiz